النوبة القلبية : (رقم التسجيلة. 14974)

تفاصيل مارك
000 -LEADER
fixed length control field 00579nam a22001697a 4500
005 - DATE AND TIME OF LATEST TRANSACTION
control field 20251108164818.0
008 - FIXED-LENGTH DATA ELEMENTS--GENERAL INFORMATION
fixed length control field 250721s1994 xx 000 0 ara d
082 14 - DEWEY DECIMAL CLASSIFICATION NUMBER
Classification number 616.12/نوب
100 1# - MAIN ENTRY--PERSONAL NAME
Personal name بسطامي، ريم فلاح
245 10 - TITLE STATEMENT
Title النوبة القلبية :
Remainder of title إرشادات من أجل صحة أفضل /
264 1# - PRODUCTION, PUBLICATION, DISTRIBUTION, MANUFACTURE, AND COPYRIGHT NOTICE
Place of production, publication, distribution, manufacture عمان :
Name of producer, publisher, distributor, manufacturer الجامعة الأردنية -عمادة البحث العلمي،
Date of production, publication, distribution, manufacture, or copyright notice 1994.
300 ## - PHYSICAL DESCRIPTION
Extent 106 ص
490 0# - SERIES STATEMENT
Series statement ارشادات من اجل صحه افضل
650 17 - SUBJECT ADDED ENTRY--TOPICAL TERM
Topical term or geographic name as entry element أمراض القلب
942 ## - ADDED ENTRY ELEMENTS (KOHA)
Source of classification or shelving scheme Dewey Decimal Classification
Koha item type كتب
المقتنيات
حالة السحب حالة الفقدان مصدر التصنيف حالة التلف غير قابل للإعارة المكتبة الرئيسية المكتبة الحالية موقع الرف تاريخ التزويد الرقم المتسلسل Total Checkouts رقم الإستدعاء تاريخ آخر ظهور تاريخ الفاتورة نوع المادة (كوها) الباركود
    Dewey Decimal Classification Unchecked   مكتبة الأميرة ايمان العامة مكتبة الأميرة ايمان العامة الإعارة 06/07/2004 1236   616.12/نوب 28/07/2025 06/07/2004 كتب  
    Dewey Decimal Classification     مكتبة الأميرة ايمان العامة مكتبة الأميرة ايمان العامة الإعارة 25/11/2013 [2541]   616.12/نوب 28/07/2025 25/11/2013 كتب PLD00287966
    Dewey Decimal Classification     مكتبة الأميرة سلمى مكتبة الأميرة سلمى الإعارة 02/07/2015 1464852   616.12/نوب 28/07/2025 02/07/2015 كتب PLD00335438
    Dewey Decimal Classification Unchecked   مكتبة الاميرة بديعة مكتبة الاميرة بديعة الإعارة 06/07/2004 4227   616.12/نوب 28/07/2025 06/07/2004 كتب  
    Dewey Decimal Classification Unchecked   مكتبة الجويدة مكتبة الجويدة الإعارة 06/07/2004 3860   616.12/نوب 28/07/2025 06/07/2004 كتب  
    Dewey Decimal Classification Unchecked   مكتبة النصر العامة مكتبة النصر العامة الإعارة 06/07/2004 6165   616.12/نوب 28/07/2025 06/07/2004 كتب  
    Dewey Decimal Classification Unchecked   مكتبة حمزة العامة مكتبة حمزة العامة الإعارة 06/07/2004 5126   616.12/نوب 28/07/2025 06/07/2004 كتب  
    Dewey Decimal Classification     مكتبة صويلح العامة مكتبة صويلح العامة الإعارة 13/06/2019 {8762}   616.12/نوب 28/07/2025 13/06/2019 كتب PLD00454041
    Dewey Decimal Classification Unchecked   مكتبة وادي السير العامة مكتبة وادي السير العامة الإعارة 06/07/2004 454892   616.12/نوب 28/07/2025 06/07/2004 كتب  
    Dewey Decimal Classification     مكتبة وادي السير العامة مكتبة وادي السير العامة الإعارة 17/03/2016 [4631]...   616.12/نوب 28/07/2025 17/03/2016 كتب PLD00380679
Implemented & Customized by: BBB with SCIT (Smart Chains for Information Technology)

Powered by Koha